000 00946nam a22002297a 4500
999 _c18518
_d18518
003 AR-CdUCM
008 190514b ||||| |||| 00| 0 spa d
040 _aMUNICIPALIDAD PROVINCIAL DEL CUSCO
_cBIBLIOTECA MUNICIPAL DEL CUSCO
082 _a970.03 /
_bT35
100 _aTeitelboim, Voladia
_939148
245 _aEl amanecer del capitalismo y la conquista de América /
260 _aBuenos Aires :
_bFuturo,
_c1963.
300 _a189 páginas ;
_c21 cm.
440 _aColección el Hombre y la Historia.
_937282
505 _aContenido: Paisaje del medioevo, la materia y el cielo -- La burguesía entra en escena -- Grandeza y miseria de la primavera burguesa -- La multiplicación del mundo -- El capital pone precio a lo humano y lo divino ...
650 _aLa burguesía
_939149
650 _aHistoria
_9136
650 _aAmérica Central
_914607
650 _aAmérica del Sur
_9742
942 _2ddc
_cLIBROS
945 _apjha
_d2019-05-17